| 000 -LEADER |
| fixed length control field |
01249nam a22001577a 4500 |
| 008 - FIXED-LENGTH DATA ELEMENTS--GENERAL INFORMATION |
| fixed length control field |
230628b ||||| |||| 00| 0 eng d |
| 100 ## - MAIN ENTRY--PERSONAL NAME |
| Personal name |
Mishra, Santap Sanhari |
| 245 ## - TITLE STATEMENT |
| Title |
‘5T’ Approach to governance transformation: Finding a doctrinal basis for further research |
| 260 ## - PUBLICATION, DISTRIBUTION, ETC. (IMPRINT) |
| Place of publication, distribution, etc |
Indian Journal of Public Administration |
| 300 ## - PHYSICAL DESCRIPTION |
| Extent |
69(2), Jun, 2023: p.400-414 |
| 520 ## - SUMMARY, ETC. |
| Summary, etc |
Public management reform is a continuum that accommodates various reform approaches with the passage of time. The basic objective of such approaches is to transform governance by enabling the swifter and better delivery of public services to citizens. In 2019, the government of Odisha, a state in India, introduced teamwork, transparency, technology and a time-bound programme for transforming governance (popularly called the 5Ts), aiming to provide good governance to its citizens. This article searches for a proper theory to fit this popular practice of the 5Ts approach to governance and also proposes models for carrying out further research. – Reproduced |
| 650 ## - SUBJECT ADDED ENTRY--TOPICAL TERM |
| Topical term or geographic name as entry element |
5Ts, Governance, Transformation, Public management, Odisha. |
| 9 (RLIN) |
39172 |
| 773 ## - HOST ITEM ENTRY |
| Main entry heading |
Indian Journal of Public Administration |
| 906 ## - LOCAL DATA ELEMENT F, LDF (RLIN) |
| Subject DIP |
PUBLIC ADMINISTRATION |
| 942 ## - ADDED ENTRY ELEMENTS (KOHA) |
| Item type |
Articles |